00865nam a2200217 a 450000100100000000500170001000800410002702000150006804000250008308200150010810000290012324500510015226000940020330000210029749000450031850000700036358600320043383000520046595201130051799900170063000004275820201002040357.0140206s2001 sp 000 0 spa d a8472328856 aDO-SdBNPbspacBNPHU axxxbC568c1 aCid, Juliod1943-97009710aCabaiguán - La Habana - Madrid /cJulio Cid. aMadrid :bAgencia Española de Cooperación Internacional,bCultura Hispánica,c2001. a130 p. ;c20 cm.1 aEdiciones de cultura hispánicaateatro aIncluye datos biográficos del autor en la solapa de la cubierta aPremio Tirso de Molina 2000 0aEdiciones de cultura hispánicapteatro970098 001050718MOaGRbGRcCTd2014-02-06iLF1l0oxxx C568cp42758-10r2020-06-25w2020-06-25y1ZNo se presta c42247d42247